=LDR 00000nam 2200000 4500 =001 INLIS000000000045217 =990 ##$$a 0001/BPAP-NTB/20142015 =005 20150107150456.0 =006 =007 =008 =035 ##$$0010-011500000000043 =082 ##$$a 028.5 =090 ##$$a 028.5 $b tau k =100 ##$$a taufik remington $t kreatifitasku saat keadaan memaksa =245 ##$$a kreatifitasku saat keadaan memaksa =260 ##$$a bandung $b pt puri delco $c 2012 =300 ##$$a 70 hlm $b ilus $c 23 cm =850 ##$$a NBPMAT =990 ##$$a 0001/BPAP-NTB/20142015